127_ Personnalités nées un 7 mai par images - Statistiques

Statistiques générales
  • Ce quiz a été pris 39 fois
  • Le résultat moyen est 2 sur 9
Statistiques - réponses
Par images Hint Réponse % Correct
Youtubeur MrBeast
82%
Dessinateur Philippe Geluck
59%
Écrivaine Olympe de Gouges
36%
Politicienne Marie-George Buffet
33%
Compositeur Piotr Ilitch Tchaïkovski
13%
Actrice et Première Dame Eva Perón
8%
Chanteur J Balvin
8%
Acteur Gary Cooper
5%
Mannequin Sophie Thalmann
3%
Aucun quiz correspondant
Distribution des résultats
% des personnes avec chaque résultat
Percentile par nombre de réponses
Votre historique - résultats
Vous n’avez pas pris ce quiz